Statistics for US States by International Border Length

Click here to take the quiz!

General Stats

  • This quiz has been taken 1,600 times
  • The average score is 13 of 17

Answer Stats

Border Length (miles)StateBorder Length (kms)% Correct
1538Alaska2475
98%
721Michigan1160
86%
1241Texas1997
83%
372.5Arizona599
82%
545Montana877
82%
179.5New Mexico289
82%
140California226
81%
611Maine983
80%
547Minnesota880
78%
427Washington687
77%
445New York716
75%
310North Dakota499
75%
45Idaho72
70%
90Vermont145
70%
58New Hampshire93
69%
146Ohio235
61%
42Pennsylvania67
59%

Score Distribution

Percentile by Number Answered

Percent of People with Each Score

Your Score History

You have not taken this quiz